000
00310nam a2200121Ia 4500
008
241002s9999 xx 000 0 und d
082
_a
808.88 EME
100
_a
Emerson, Ralph Walde
245
4
_a
The selected writing of Ralph Waldo Emerson
260
_a
New York:
_c
1950
600
_a
Literature
942
_c
UC
999
_c
18889
_d
18889